MARC

LEADER 00000nam0a2200000 4500
001 28010
005 20240219144852.0
035 |a (RuTPU)RU\TPU\book\28266 
035 |a BOOK00000048 
090 |a 28010 
100 |a 20011209d2000 m y0rusy50 ca 
101 0 |a rus 
102 |a RU 
105 |a y j 000zy 
200 1 |a Лабораторные работы по неорганической химии  |f Е. М. Князева, Н. Ф. Стась  |g Томский политехнический университет 
210 |a Томск  |c Изд-во ТПУ  |d 2000 
215 |a 68 с. 
606 1 |a Неорганическая химия  |2 stltpush  |3 (RuTPU)RU\TPU\subj\67586  |9 83311 
610 1 |a вещества 
610 1 |a соединения 
610 1 |a лабораторные работы 
610 1 |a учебные пособия 
675 |a 546(076.5)  |v 3 
700 1 |a Князева  |b Е. М.  |c химик  |c доцент Томского политехнического университета, кандидат химических наук  |f 1956-  |g Елена Михайловна  |3 (RuTPU)RU\TPU\pers\26753  |9 12396 
701 1 |a Стась  |b Н. Ф.  |c химик  |c доцент Томского политехнического университета, кандидат химических наук  |f 1939-  |g Николай Фёдорович  |3 (RuTPU)RU\TPU\pers\25192 
712 0 2 |a Томский политехнический университет  |3 (RuTPU)RU\TPU\col\376 
801 0 |a RU  |b 63413507  |c 20011209  |g PSBO 
801 2 |a RU  |b 63413507  |c 20200723  |g PSBO 
942 |c BK